00522nam a2200181Ia 4500008004100000020001800041082000800059100002100067245004100088250000600129260003600135300001700171500002400188650001400212942000700226952009000233999001700323230524s9999 xx 000 0 und d a9789380091435 bSIN aA.K.Singh942082 2aA Text Books Manufacturing Processes a1 aNew DelhibVayu Educationc2010 a"XXII,833p;" aQuantity Number: 1 aMechanics cBK 00104070aTATCLbTATCLcGENd2023-05-24l0o SINp53918r2023-05-24w2023-05-24yBK c56492d56492